Countries with the Highest Rate of Diabetes - Statistics

General Stats
  • This quiz has been taken 46 times
  • The average score is 18 of 33
Answer Stats
Rate Country % Correct
24.08% Nauru
80%
13.79% Fiji
73%
18.56% Kiribati
73%
14.83% Oman
73%
20.02% Saudi Arabia
73%
16.44% Solomon Islands
73%
13.74% Tonga
73%
21.33% Marshall Islands
70%
20.87% Palau
70%
20.04% Qatar
70%
19.29% United Arab Emirates
68%
20.00% Kuwait
65%
15.81% Mexico
65%
16.64% Vanuatu
65%
19.55% Bahrain
63%
16.71% Egypt
63%
16.29% Federated States of Micronesia
63%
17.27% Tuvalu
63%
12.83% Turkey
55%
12.58% Dominica
50%
12.99% Lebanon
50%
15.31% Papua New Guinea
50%
12.96% Saint Kitts and Nevis
50%
13.60% Antigua and Barbuda
45%
13.18% Bahamas
45%
13.59% Barbados
45%
13.66% Brunei
38%
13.64% Trinidad and Tobago
38%
17.91% Malaysia
33%
16.53% Belize
25%
17.43% Seychelles
23%
22.25% Mauritius
20%
12.47% Suriname
18%
No matching quizzes found
Score Distribution
Percent of People with Each Score
Percentile by Number Answered
Your Score History
You have not taken this quiz